000 00364nam a2200145Ia 4500
008 230917s9999||||xx |||||||||||||| ||und||
040 _e205980
_aMAIN
041 _aEnglish
082 _a005.8 S36E
100 _aSalomon, David
245 0 _aElements of computer security
260 _aNew Delhi
_bSpringer (India)
_c2012
300 _axix, 374 p.
942 _cBK
999 _c174570
_d174570